00546cam a22001694a 45000010009000000050017000090080041000260200015000670400018000820820021001001000018001212450092001392500012002312600105002433000018003486500010003661543278720240304012229.0080829s2001 ce b 001 0 eng  a9558027022 aDLCcDLCdDLC 222a323.34bGEN.1 aGomez, Mario.10aGender and politics in Sri Lanka :bpreferring women /cMario Gomez and Shyamala Gomez. a1st ed. aColombo :bCanadian International Development Agency's (CIDA's) Shakti Gender Equity Project,c2001. axiv, 108 p. ; 0aWomen